[Event "Novi Sad TS 221st"]
[Site "Novi Sad"]
[Date "2021.11.07"]
[Round "7.1"]
[White "Dokic, Zoran"]
[Black "Bhillva Nilaya, KEK"]
[Result "1/2-1/2"]
[WhiteElo "1996"]
[BlackElo "1519"]
[PlyCount "33"]
[EventDate "2021.11.02"]
[EventType "schev"]
[EventRounds "9"]
[EventCountry "SRB"]
[SourceTitle "CBM 205 Extra"]
[Source "ChessBase"]
[SourceDate "2022.01.31"]
[SourceVersion "1"]
[SourceVersionDate "2022.01.31"]
[SourceQuality "1"]
[WhiteTeam "Team A"]
[BlackTeam "Team B"]
[WhiteTeamCountry "SRB"]
[BlackTeamCountry "SRB"]

1. e4 c5 2. d4 cxd4 3. c3 dxc3 4. Nxc3 d6 5. Nf3 Nc6 6. Bc4 e6 7. 0-0 Nf6 8. Qe2 a6 9. a4 Be7 10. Rd1 Qc7 11. Bf4 0-0 12. Rac1 Rd8 13. Ba2 Qa5 14. Nd2 Qh5 15. f3 Qg6 16. Nc4 Rb8 17. g4 1/2-1/2

[Event "Novi Sad TS 221st"]
[Site "Novi Sad"]
[Date "2021.11.03"]
[Round "2.1"]
[White "Bhillva Nilaya, KEK"]
[Black "Rakulj, Stanislav"]
[Result "0-1"]
[WhiteElo "1519"]
[BlackElo "1908"]
[PlyCount "80"]
[EventDate "2021.11.02"]
[EventType "schev"]
[EventRounds "9"]
[EventCountry "SRB"]
[SourceTitle "CBM 205 Extra"]
[Source "ChessBase"]
[SourceDate "2022.01.31"]
[SourceVersion "1"]
[SourceVersionDate "2022.01.31"]
[SourceQuality "1"]
[WhiteTeam "Team B"]
[BlackTeam "Team A"]
[WhiteTeamCountry "SRB"]
[BlackTeamCountry "SRB"]

1. e4 e6 2. d4 d5 3. Nc3 Bb4 4. exd5 exd5 5. Bd3 Nc6 6. Nge2 Be6 7. 0-0 Qd7 8. Bf4 0-0-0 9. a3 Be7 10. Nb5 g5 11. Bxc7 Rf8 12. Nec3 a6 13. Na4 axb5 14. Nb6+ Kxc7 15. Nxd7 Bxd7 16. Bxb5 f5 17. c4 Nf6 18. Rc1 g4 19. cxd5 Nxd5 20. Qb3 Kd6 21. Rc5 Nc7 22. Rfc1 Bg5 23. Rd1 Rb8 24. Qc4 Nxb5 25. Rxb5 Ke7 26. d5 Ne5 27. Qb4+ Kf7 28. Rb6 Rhd8 29. d6 Bc6 30. Re1 Bf6 31. Qb3+ Kg6 32. h3 Rxd6 33. hxg4 fxg4 34. Qg3 Kf5 35. Rb3 h5 36. Rc3 Re8 37. f3 Rd2 38. f4 h4 39. Qf2 Rxf2 40. Kxf2 g3+ 0-1

[Event "Novi Sad TS 219th"]
[Site "Novi Sad"]
[Date "2021.10.30"]
[Round "7.1"]
[White "Ljubisavljevic, Zivojin Z"]
[Black "Bhillva Nilaya, KEK"]
[Result "1-0"]
[WhiteElo "2055"]
[BlackElo "1357"]
[PlyCount "41"]
[EventDate "2021.10.25"]
[EventType "schev"]
[EventRounds "8"]
[EventCountry "SRB"]
[SourceTitle "CBM 205 Extra"]
[Source "ChessBase"]
[SourceDate "2022.01.31"]
[SourceVersion "1"]
[SourceVersionDate "2022.01.31"]
[SourceQuality "1"]
[WhiteTeam "Team A"]
[BlackTeam "Team B"]
[WhiteTeamCountry "SRB"]
[BlackTeamCountry "SRB"]

1. e4 c5 2. Nc3 d6 3. f4 Nf6 4. Nf3 g6 5. Bb5+ Bd7 6. Bxd7+ Qxd7 7. 0-0 Bg7 8. d3 Nc6 9. Qe2 0-0-0 10. a3 h5 11. Bd2 h4 12. b4 Ng4 13. bxc5 dxc5 14. e5 Nd4 15. Nxd4 Qxd4+ 16. Kh1 Nh6 17. Qe4 Qd7 18. Rab1 Nf5 19. Kg1 e6 20. Rb5 Bf8 21. Rfb1 1-0

[Event "Novi Sad TS 219th"]
[Site "Novi Sad"]
[Date "2021.10.26"]
[Round "2.1"]
[White "Bhillva Nilaya, KEK"]
[Black "Poprzen, Miroslav"]
[Result "1-0"]
[WhiteElo "1357"]
[BlackElo "1920"]
[PlyCount "41"]
[EventDate "2021.10.25"]
[EventType "schev"]
[EventRounds "8"]
[EventCountry "SRB"]
[SourceTitle "CBM 205 Extra"]
[Source "ChessBase"]
[SourceDate "2022.01.31"]
[SourceVersion "1"]
[SourceVersionDate "2022.01.31"]
[SourceQuality "1"]
[WhiteTeam "Team B"]
[BlackTeam "Team A"]
[WhiteTeamCountry "SRB"]
[BlackTeamCountry "SRB"]

1. e4 c6 2. d4 d5 3. Nc3 dxe4 4. Nxe4 Bf5 5. Ng3 Bg6 6. h4 h6 7. Nf3 Nd7 8. h5 Bh7 9. Bd3 Bxd3 10. Qxd3 Ngf6 11. Bd2 e6 12. 0-0-0 Qc7 13. c4 0-0-0 14. Kb1 Ng4 15. Qe2 Ndf6 16. Bc3 Bd6 17. Ne5 Bxe5 18. dxe5 Nxf2 19. Qxf2 Ng4 20. Qxa7 f5 21. Ba5 1-0